Sports Quiz

Random Sports or NBA Quiz

NBA Players Drafted From Kentucky In Last 3 Years Quiz Stats

 Plays Quiz not verified by Sporcle

Score 0/10 Timer 05:00
0 Plays Today
Hint Answer % Correct
2015Karl-Anthony Towns
97%
2015Devin Booker
72.7%
2015Willey Cauley-Stein
68.4%
2015Andrew Harrison
68%
2015Dakari Johnson
60.6%
2015Trey Lyles
60.2%
2014Julius Randle
47.2%
2013Nerlens Noel
44.2%
2014James Young
39%
2013Archie Goodwin
29%

You're not logged in!

Compare scores with friends on all Sporcle quizzes.
OR
Log In

Show Comments

Extras

Created Aug 14, 2015ReportNominate
Tags:NBA Quiz, kentucky, last, player

Top Quizzes Today


Score Distribution

Your Account Isn't Verified!

In order to create a playlist on Sporcle, you need to verify the email address you used during registration. Go to your Sporcle Settings to finish the process.

Report this User

Report this user for behavior that violates our Community Guidelines.

Details: